02988nam a2200325 a 4500003000500000005001700005007000300022008004100025040002900066090002500095100004500120245023900165260007100404300002900475336002100504337002500525338002300550502010100573504004200674520152800716700003702244700004002281720003602321720004502357720003802402720003802440942004302478952012402521999001702645CSPC20260429103927.0ta231115s2021 ph da ma 000 0beng  aCSPC beng cCSPC erda  aUTH BSOA An133l 20211 aAnalupa, Marty Jade Alliah S., dauthor.14aThe learning styles of Bachelor of Science in office Administration (BSOA) students of Camarines Sur Polytechnic Colleges -Buhi Campus in the new normal /cMary Jade Alliah S. Analupa, Cresilda Z. Escario, and Ma. Donnabelle D. Tibi.  aBuhi, Camarines Sur :bCamarines Sur Polytechnic Colleges,c2021.  axvi, 66 leaves :c28 cm. 2rdacontentatext 2rdamediaaunmediated 2rdacarrieravolume aUndergraduate Thesis (BSOA)- Office Administration. cCamarines Sur Polytechnic Colleges, 2021.  aIncludes bibliographical references. 3 aThis study aims to determine the Learning Styles of the first-year Bachelor of Science in Office Administration (BSOA) students of Camarines Sur Polytechnic Colleges-Buhi Campus in the new normal. It sought to answer the following questions (1.) To determine the profile of the respondents in terms of (a.) age (b.) sex; (2 The most common learning styles used by the first-year Bachelor of Science in Office (BSOA) students of Camarines Sur Polytechnic Colleges-Buhi Campus; (3) The challenges encountered by the BSOA students in their studies in the new normal; and (4) Proposed recommendations to address the challenges encountered by the BSOA student's learning style at the Camarines Sur Polytechnic Colleges- Buhi Campus. This research study utilized the descriptive method to analyze and interpret the responses. Statistical tools used were (1) weighted mean, percentage and rank ordering techniques. The conclusion drawn from the study are )1) Most of the first-year BSOA students at Camarines Sur Polytechnic Colleges-Buhi Campus are female ages between 20 and 22 years old. (2) "Online /Synchronous Learning" is the most common learning style among first-year BSOA students. (3) The most prevalent learning obstacles are "unstable internet connectivity" and a "sense of being unorganized and overloaded by multiple school activities". (4) The respondents proposed recommendations to address the challenges encountered by the BSOA students' learning styles at the Camarines Sur Polytechnic Colleges-Buhi Campus. 1 aEscario, Cresilda Z., eauthor. 1 aTibi, Ma. Donnabelle D., eauthor. 1 aVillar, Mariber M., eadviser. 1 aInfante, Leonisa O., epanelist, chair. 1 aRosal, Jhomer Isaac, epanelist. 1 aNealega, Josefin L., epanelist.  2ddcn0cUMhAn133l iBSOA kUTH m2021 00102ddc4070aBUHIbBUHIcUTHd2023-11-15l0oUTH BSOA An133lp00013UM-BUHr2023-11-15 00:00:00t1-1w2023-11-15yUM c26544d26544